Normal view
MARC view
- Tirso de Molina,
Entry Nombre Personal
001 - NUMERO DE CONTROL
- campo de control: 30411
003 - IDENTIFICADOR DE NUMERO DE CONTROL
- campo de control: UPN
005 - FECHA Y HORA DE LA ÜLTIMA TRANSACCIÓN
- campo de control: 20210219194414.0
008 - DATOS DE LONGITUD FIJA
- campo de control de longitud fija: nabaccnnaabn|||||||||| b |nc|||||d
035 ## - NUMERO DE CONTROL
- Número de control: UPN11000002517
040 ## - FUENTE DE CATALOGACIÓN
- Lenguaje de catalogación: SPA
- Agencia de transcripción: UPN
100 0# - ENCABEZAMIENTO - NOMBRE PERSONAL
- Nombre personal: Tirso de Molina,
- Fechas asociadas con el nombre: ca. 1571-1648
400 1# - VEÁSE - NOMBRE DE PERSONA
- Personal name: Molina, Tirso de,
- Dates associated with a name: ca. 1571-1648
670 ## - FUENTE EN LA QUE SE LOCALIZARON DATOS
- Cita de la fuente: T
- Información localizada: Salvat universal
902 ## - CATALOGADOR
- Catalogador: CAA/300910
